| 000 | 00390nam a22001457a 4500 | ||
|---|---|---|---|
| 020 | _qHB. | ||
| 040 | _cFizza Ishaq | ||
| 082 |
_a363.7 _bBOT |
||
| 100 |
_aKeller, Botkin. _9134122 |
||
| 245 |
_aEnvironmental Science: Earth as a Living Planet / _cBotkin Keller. |
||
| 250 | _a4th Ed. | ||
| 260 |
_aNew York : _bWiley, _c2003. |
||
| 300 |
_a668 p, ; _c11 x 8.6 x 1 inches |
||
| 942 |
_2ddc _cBK |
||
| 999 |
_c617064 _d617064 |
||